000 00604nam a2200229Ia 4500
001 4562
005 20240113233744.0
007 ta
008 990101s a g b000 u hin u
020 _cPB
040 _aCottco College Assam
041 _ahin
082 _a891.432
_bG 595 S
100 _aGupta, Durga PrasadJi .
245 0 _aShri Ramlila Natak /
_cDurga PrasadJi Gupta.
_hTextual Documents
260 _aBaranasi :
_bBoijanath Prasad ,
_cNd.
300 _a103p. :
_bill. ;
_c19cm. .
653 _aHindi Drama
942 _2ddc
_cBK
999 _c4549
_d4549